[Event "MTS Logistics 2017"]
[Site "Urla"]
[Date "2017.07.11"]
[Round "7.3"]
[White "Gokerkan, Cem Kaan"]
[Black "Bagaturov, Giorgi"]
[Result "1/2-1/2"]
[WhiteElo "2321"]
[BlackElo "2412"]
[Annotator "TA"]
[PlyCount "22"]
[EventDate "2017.??.??"]
[EventType "schev"]
[EventCountry "TUR"]
[SourceTitle "playchess.com"]
[Source "ChessBase"]
[SourceQuality "1"]

{[%evp 21,22,0,25]} 1. Nf3 Nf6 2. g3 g6 3. Bg2 Bg7 4. O-O O-O 5. d4 d5 6. c4 c6 7. cxd5 cxd5 8. Ne5 $146 ({Predecessor:} 8. Nc3 Ne4 9. Ne5 Bf5 10. Qb3 Nc6 11. Qxd5 Nxc3 12. bxc3 Qxd5 13. Bxd5 Nxe5 14. dxe5 Bxe5 15. Ba3 Bxc3 16. Rac1 Bf6 17. Rc7 Rad8 18. Bxb7 Rd7 19. Rxd7 {½-½ (21) Kempinski,R (2600)-Piorun,K (2665) Germany 2017}) 8... Ng4 9. Nf3 Nf6 10. Ne5 Ng4 11. Nf3 Nf6 1/2-1/2

[Event "MTS Logistics 2017"]
[Site "Urla"]
[Date "2017.07.11"]
[Round "7.4"]
[White "Ozen, Bahadir"]
[Black "Arat, Ufuk Sezen"]
[Result "1-0"]
[WhiteElo "2315"]
[BlackElo "2400"]
[Annotator "ChessBase"]
[PlyCount "97"]
[EventDate "2017.??.??"]
[EventType "schev"]
[EventCountry "TUR"]
[SourceTitle "playchess.com"]
[Source "ChessBase"]
[SourceQuality "1"]
[TimeControl "5400+30"]

1. g3 {[%emt 0:00:30]} Nf6 {[%emt 0:04:00]} 2. Bg2 {[%emt 0:00:30]} d5 {[%emt 0:00:30]} 3. d3 {[%emt 0:00:30]} e5 {[%emt 0:05:30]} 4. Nf3 {[%emt 0:00:30]} Nbd7 {[%emt 0:04:30]} 5. O-O {[%emt 0:00:30]} Bd6 {[%emt 0:01:30]} 6. Nbd2 {[%emt 0:05:30]} O-O {[%emt 0:02:30]} 7. e4 {[%emt 0:00:30]} c6 {[%emt 0:00:30]} 8. b3 {[%emt 0:01:30]} a5 {[%emt 0:01:30]} 9. a4 {[%emt 0:02:30]} Re8 {[%emt 0:02:30]} 10. Bb2 {[%emt 0:01:30]} Qc7 {[%emt 0:02:30]} 11. Re1 {[%emt 0:00:30]} d4 {[%emt 0:11:30]} 12. c3 {[%emt 0:01:30]} dxc3 {[%emt 0:12:30]} 13. Bxc3 {[%emt 0:00:30]} Bb4 {[%emt 0:02:30]} 14. Qc2 {[%emt 0:01:30]} b6 {[%emt 0:14:30]} 15. d4 {[%emt 0:04:30]} Ba6 {[%emt 0:02:30]} 16. dxe5 {[%emt 0:14:30]} Bxc3 {[%emt 0:01:30]} 17. Qxc3 {[%emt 0:00:30]} Nxe5 {[%emt 0:00:30]} 18. Nxe5 {[%emt 0:11:30]} Rxe5 {[%emt 0:00:00]} 19. f4 {[%emt 0:00:30]} Rc5 {[%emt 0:02:00]} 20. Qb2 {[%emt 0:02:30]} b5 {[%emt 0:03:30]} 21. e5 {[%emt 0:05:30]} Ng4 {[%emt 0:04:47]} 22. Ne4 {[%emt 0:01:30]} Rd5 {[%emt 0:01:08]} 23. Bf3 {[%emt 0:03:30]} Qb6+ {[%emt 0:03:10]} 24. Kh1 {[%emt 0:00:30]} h5 {[%emt 0:01:38]} 25. Qc2 {[%emt 0:12:30]} bxa4 {[%emt 0:03:02]} 26. bxa4 {[%emt 0:02:30]} Bd3 {[%emt 0:00:44]} 27. Qc3 {[%emt 0:00:30]} Bxe4 {[%emt 0:01:16]} 28. Bxe4 {[%emt 0:00:30]} Qf2 {[%emt 0:00:37]} 29. Bg2 {[%emt 0:00:30]} Rc5 {[%emt 0:03:17]} 30. Qf3 {[%emt 0:00:30]} Qd4 {[%emt 0:01:19]} 31. Ra3 {[%emt 0:07:35]} Nf2+ {[%emt 0:00:17]} 32. Kg1 {[%emt 0:00:06]} Ng4+ {[%emt 0:00:01]} 33. Kh1 {[%emt 0:00:00]} Rb8 {[%emt 0:03:15]} 34. h3 {[%emt 0:01:06]} Nf2+ {[%emt 0:00:08]} 35. Kh2 {[%emt 0:00:01]} Rb2 {[%emt 0:00:57]} 36. Rb3 {[%emt 0:03:57]} Rxb3 {[%emt 0:03:55]} 37. Qxb3 {[%emt 0:00:01]} h4 {[%emt 0:01:42]} 38. e6 {[%emt 0:04:47]} hxg3+ {[%emt 0:00:05]} 39. Qxg3 {[%emt 0:00:04]} fxe6 {[%emt 0:00:01]} 40. Re2 {[%emt 0:04:23]} Nd1 {[%emt 0:02:02]} 41. Rxe6 {[%emt 0:00:27]} Nc3 {[%emt 0:00:37]} 42. Qg4 {[%emt 0:01:52]} Qf2 {[%emt 0:00:29]} 43. Re8+ {[%emt 0:00:57]} Kh7 {[%emt 0:00:07]} 44. Re7 {[%emt 0:00:07]} Qd4 {[%emt 0:00:09]} 45. Qh4+ {[%emt 0:00:31]} Kg8 {[%emt 0:00:02]} 46. Re8+ {[%emt 0:02:31]} Kf7 {[%emt 0:00:01]} 47. Qe7+ {[%emt 0:00:03]} Kg6 {[%emt 0:00:08]} 48. Rf8 {[%emt 0:01:09]} Rf5 {[%emt 0:02:01]} 49. Qe8+ {[%emt 0:00:09]} 1-0

[Event "MTS Logistics 2017"]
[Site "Urla"]
[Date "2017.07.11"]
[Round "7.5"]
[White "Esen, Baris"]
[Black "Guseynov, Alihan"]
[Result "1/2-1/2"]
[WhiteElo "2528"]
[BlackElo "2352"]
[Annotator "TA"]
[PlyCount "26"]
[EventDate "2017.??.??"]
[EventType "schev"]
[EventCountry "TUR"]
[SourceTitle "playchess.com"]
[Source "ChessBase"]
[SourceQuality "1"]

{[%evp 13,26,16,24,12,23,-16,-15,-10,0,0,0,0,57,37,49]} 1. Nf3 Nf6 2. c4 e6 3. Nc3 Bb4 4. Qc2 O-O 5. a3 Bxc3 6. Qxc3 b6 7. b4 a5 {LiveBook: 37 Games. A17: English Opening: 1...Nf6 with ...Bb4} (7... Bb7 8. Bb2 d6 9. e3 c5 10. Be2 a5 11. O-O Nbd7 12. Rfd1 axb4 13. axb4 Qc7 14. d4 Rxa1 15. Rxa1 Ne4 16. Qb3 cxb4 17. Qxb4 {1-0 (67) Wojtaszek,R (2713)-Dragun,K (2594) Poznan 2016}) 8. b5 Bb7 9. g3 $146 ({Predecessor:} 9. Bb2 d6 10. g3 Nbd7 11. Bg2 c5 12. O-O Qc7 13. d3 Rac8 14. e4 d5 15. Nh4 dxe4 16. dxe4 {½-½ (54) Feldman,V (2316)-Smith,R (2282) Warwick Fiji 2002}) 9... d5 {The position is equal.} 10. Bb2 c5 11. bxc6 Nxc6 12. cxd5 exd5 ({Better is} 12... Qxd5 $11 13. d3 Rfc8) 13. Bg2 d4 1/2-1/2

[Event "MTS Logistics 2017"]
[Site "Urla"]
[Date "2017.07.11"]
[Round "7.6"]
[White "Nevednichy, Vladislav"]
[Black "Agdelen, Huseyin Can"]
[Result "1-0"]
[WhiteElo "2524"]
[BlackElo "2309"]
[Annotator "TA"]
[PlyCount "97"]
[EventDate "2017.??.??"]
[EventType "schev"]
[EventCountry "TUR"]
[SourceTitle "playchess.com"]
[Source "ChessBase"]
[SourceQuality "1"]

{[%evp 9,97,11,10,7,17,3,13,-8,12,-15,32,14,35,40,39,30,41,47,45,43,125,119,117,33,85,20,26,19,14,7,0,0,29,29,29,29,28,28,28,29,33,33,35,25,35,33,38,41,77,69,117,110,108,111,113,94,99,95,104,98,102,79,83,89,78,78,85,89,83,83,108,83,180,183,192,177,225,230,524,523,587,579,617,447,535,447,649,643,2257,2050]} 1. e4 c5 2. Na3 (2. Nf3 d6 3. d4 cxd4 4. Nxd4 Nf6 5. Nc3 Bd7 6. Be2 Nc6 7. Be3 e6 8. g4 h6 9. f4 Nxd4 10. Qxd4 e5 11. fxe5 Nxg4 12. O-O-O Nxe3 13. Qxe3 Qg5 14. Qxg5 hxg5 15. exd6 O-O-O {½-½ (32) So,W (2812)-Carlsen,M (2832) Leuven 2017}) 2... Nc6 3. Bb5 g6 4. Bxc6 dxc6 5. d3 Bg7 6. f4 {B31: Sicilian: 2...Nc6 3 Bb5 g6} Qa5+ $146 ({Predecessor:} 6... Nf6 7. Nf3 O-O 8. O-O Ne8 9. Nc4 Nd6 {1-0 (45) Popelyshev,I (2155)-Yandarbiev,R (2398) Voronezh 2011}) 7. Bd2 Qa6 8. Nc4 {The position is equal.} Be6 9. Ne5 Nf6 10. Ngf3 Nd7 11. O-O O-O-O 12. b3 Qb6 13. Qe1 {Black must now prevent Ba5.} Nxe5 14. Nxe5 {aiming for Ba5.} Bxe5 (14... Qc7 $14) 15. fxe5 $16 Qc7 16. Qg3 (16. a4 $16) 16... h6 (16... b6 $14) 17. a4 (17. Bc3 $16) 17... a5 $1 $11 18. Rab1 b6 19. Be3 g5 20. Rfd1 f6 21. exf6 Qxg3 22. hxg3 exf6 23. Rf1 Rhf8 24. Rf2 Rd7 25. Rbf1 Rdf7 26. b4 $36 {[%mdl 2048] Black is under pressure.} axb4 27. a5 $1 Kb7 28. axb6 Kxb6 29. Rb1 b3 30. c4 Kc7 31. Rxb3 Rb8 32. Rxb8 Kxb8 33. Bxc5 $16 {[%mdl 4096] Endgame KRB-KRB} f5 34. e5 Rb7 35. Bf8 Rb1+ 36. Rf1 Rb3 37. Rd1 ({But not} 37. Bxh6 Rxd3 38. Rf3 (38. Bxg5 Rxg3 39. Bd2 Rg4 $11) 38... Rd1+ 39. Kf2 g4 $11) 37... h5 38. Bh6 g4 39. Kf2 Kc7 40. Ke2 Ra3 (40... Rb2+ $16 {was worth a try.} 41. Rd2 Rxd2+ 42. Bxd2 (42. Kxd2 f4 $16) 42... f4) 41. Bf4 $18 Ra2+ {[#]} 42. Ke3 $1 Rxg2 43. Rh1 Kb6 $2 (43... Ra2 {keeps fighting.} 44. Rxh5 Ra3 45. Rh7+ Kb6) 44. Rxh5 {White is clearly winning.} Rg1 45. Rh6 Bc8 46. Kd4 Re1 47. Bg5 Kc7 (47... Re2 $142 48. Bd8+ Kb7 49. Rh7+ Kb8 50. Bc7+ Ka8) 48. Rh7+ Kb8 49. Bf4 {Precision: White = 69%, Black = 36%.} 1-0

[Event "MTS Logistics 2017"]
[Site "Urla"]
[Date "2017.07.11"]
[Round "7.7"]
[White "Benidze, Davit"]
[Black "Tuncer, Tuna"]
[Result "0-1"]
[WhiteElo "2515"]
[BlackElo "2274"]
[Annotator "TA"]
[PlyCount "56"]
[EventDate "2017.??.??"]
[EventType "schev"]
[EventCountry "TUR"]
[SourceTitle "playchess.com"]
[Source "ChessBase"]
[SourceQuality "1"]

{[%evp 27,56,-34,-13,-43,-53,-79,-71,-91,-92,-82,-76,-116,-70,-98,-72,-79,-51,-99,-94,-95,-86,-254,-120,-259,-255,-277,-268,-251,-266,-266,-247]} 1. Nf3 c5 2. b3 Nf6 3. Bb2 d5 4. g3 e6 5. Bg2 Be7 6. O-O O-O 7. c4 d4 8. e3 Nc6 9. exd4 cxd4 10. Re1 Re8 11. a3 a5 12. d3 Bc5 {A14: English Opening: 1...e6 with b3 by White} 13. Nbd2 e5 14. Ng5 Bf8 {LiveBook: 3 Games. Black is slightly better.} 15. Rc1 Bg4 {[#]} 16. Qc2 $146 ({Predecessor:} 16. Bf3 Bxf3 17. Qxf3 Qe7 18. Nde4 Nxe4 19. Nxe4 {0-1 (36) Bauer,C (2658)-Fressinet,L (2708) Nimes 2014}) 16... Nd7 17. Ngf3 h6 18. h3 Be6 19. g4 Rc8 20. Qd1 g6 21. Nh2 Kh7 22. Kh1 f5 23. Rb1 Qf6 24. Ba1 $2 {[#]} (24. Ndf3 $17) 24... Bf7 (24... Bxa3 $19 {is more deadly. Threatens to win with ...Bb4.} 25. Bxc6 bxc6) 25. Qe2 (25. Bb2 $17) 25... Bxa3 $19 {Black has a decisive advantage.} 26. Ndf1 Bb4 27. Red1 Nc5 28. Ng3 Ne6 {Precision: White = 26%, Black = 40%.} 0-1

[Event "MTS Logistics 2017"]
[Site "Urla"]
[Date "2017.07.11"]
[Round "7.8"]
[White "Evdokimov, Alexander A"]
[Black "Kesgin, Halit Kaan"]
[Result "1-0"]
[WhiteElo "2493"]
[BlackElo "2207"]
[Annotator "TA"]
[PlyCount "85"]
[EventDate "2017.??.??"]
[EventType "schev"]
[EventCountry "TUR"]
[SourceTitle "playchess.com"]
[Source "ChessBase"]
[SourceQuality "1"]

{[%evp 19,85,-8,12,-41,-41,-51,-37,-51,-18,-11,0,-128,-86,-164,-50,-47,21,0,0,-27,0,0,3,0,19,-61,-15,-52,31,18,39,0,47,52,176,170,172,127,136,131,217,197,195,185,179,159,352,65,845,751,1952,1948,2924,2878,2491,2420,29980,29981,29986,29971,29987,29988,29988,29989,29989,29990,29992,29993]} 1. Nf3 d5 2. c4 c6 3. e3 Nf6 4. Nc3 e6 5. Qc2 Nbd7 6. b3 Bd6 7. Bb2 O-O 8. h3 {A11: English Opening: 1...c6} a6 9. g4 {[%cal Bg2g4,Bg4g5][%mdl 32]} b5 10. g5 Ne8 {LiveBook: 3 Games} 11. Bd3 $146 (11. h4 $11) ({Predecessor:} 11. h4 e5 12. cxd5 cxd5 13. Bd3 Bb7 14. Bxh7+ Kh8 15. Bf5 Rc8 {1-0 (35) Grandelius,N (2562)-Grover,S (2516) Athens 2012}) 11... f5 $15 12. cxd5 cxd5 13. Nd4 Nc5 {Hoping for ...e5.} 14. f4 Bd7 15. a3 (15. Nce2 $11) 15... Rc8 16. Nf3 {[#]} (16. Rg1 $17) 16... Qe7 (16... d4 $1 $19 {[%cal Rd4c3][%mdl 512]} 17. Nxd4 (17. exd4 Nxd3+) 17... Bxf4 $1 {[%mdl 512]} 18. exf4 Bc6) 17. Ne2 {[#]} b4 (17... d4 $1 $15 {[%mdl 512]}) 18. a4 Nxa4 19. Qb1 Nc5 20. Bxa6 Nxa6 21. Rxa6 Nc7 22. Ra7 (22. Ra5 $11) 22... Nb5 (22... d4 $5 23. Nexd4 (23. Nfxd4 e5 $11) 23... e5 24. fxe5 Bxe5 $11) 23. Rb7 Rb8 (23... Bc7 $1 $15) 24. Rxb8 $14 Rxb8 25. Ned4 Nxd4 26. Bxd4 Bb5 (26... Be8 $14) 27. h4 $1 $18 {[%cal Bh3h4,Bh4h5,Bh5h6][%mdl 32]} Rc8 {[#]} 28. Kf2 $1 Qc7 29. h5 Qb7 (29... Ba6 $16) 30. h6 g6 31. Rc1 Rxc1 32. Qxc1 Kf7 $2 (32... Qc6 $16 33. Qb2 Qb7) 33. Ba1 $2 (33. Bc5 $18 Qe7 34. Bxd6 Qxd6 35. Ne5+ Ke7 {[#]} 36. Nxg6+ $1 {[%mdl 512]} Kd8 37. Qa1) 33... Qa6 $2 {[%mdl 8192]} (33... d4 $14) 34. Qb2 Ke8 35. Qh8+ Kd7 36. Qxh7+ Kc6 37. Be5 Bxe5 38. Nxe5+ {White mates.} Kd6 39. Qg7 d4 40. Qf8+ Kc7 41. Qc5+ Kb7 42. h7 Bf1 43. Qe7+ {Precision: White = 52%, Black = 12%.} 1-0

[Event "MTS Logistics 2017"]
[Site "Urla"]
[Date "2017.07.11"]
[Round "7.9"]
[White "Bulmaga, Irina"]
[Black "Maghalashvili, Davit"]
[Result "1/2-1/2"]
[WhiteElo "2412"]
[BlackElo "2489"]
[Annotator "TA"]
[PlyCount "38"]
[EventDate "2017.??.??"]
[EventType "schev"]
[EventCountry "TUR"]
[SourceTitle "playchess.com"]
[Source "ChessBase"]
[SourceQuality "1"]

{[%evp 15,18,8,21,0,30]} 1. e4 c6 2. d4 d5 3. exd5 cxd5 4. Bd3 Nc6 5. c3 Nf6 6. Nf3 Bg4 7. h3 Bh5 8. O-O e6 {LiveBook: 14 Games. B13: Caro-Kann: Exchange Variation and Panov-Botvinnik Attack} 9. Re1 (9. Nbd2 Bd6 10. Re1 O-O 11. Nf1 Qc7 12. Bg5 Nd7 13. Bh4 Bg6 14. Bg3 Bxd3 15. Qxd3 h6 16. Bxd6 Qxd6 17. Ng3 Rae8 {½-½ (17) Potapov,P (2493)-Motylev,A (2663) Tallinn 2016}) 9... Be7 {Predecessor:} 10. Bf4 $146 O-O 11. Nbd2 Rc8 12. Nf1 a6 13. Ng3 Bg6 14. Ne5 Nxe5 15. dxe5 Nd7 16. Ne2 Qb6 17. b3 Bc5 18. Rf1 Qc7 19. Bxg6 hxg6 {0-1 (45) Tesar,J (2105)-Mlynek,P (2254) Havlickuv Brod 2005} 1/2-1/2

[Event "MTS Logistics 2017"]
[Site "Urla"]
[Date "2017.07.11"]
[Round "8.1"]
[White "Bagaturov, Giorgi"]
[Black "Dedebas, Emre Emin"]
[Result "1/2-1/2"]
[WhiteElo "2412"]
[BlackElo "2322"]
[Annotator "TA"]
[PlyCount "52"]
[EventDate "2017.??.??"]
[EventType "schev"]
[EventCountry "TUR"]
[SourceTitle "playchess.com"]
[Source "ChessBase"]
[SourceQuality "1"]

{[%evp 17,52,6,10,8,33,33,31,13,21,19,22,19,29,36,24,15,63,40,28,36,53,52,22,8,20,4,25,6,12,0,-8,-10,0,0,0,0,0]} 1. Nf3 d5 2. c4 dxc4 3. e3 Be6 4. Na3 Nf6 5. Nxc4 Bd5 (5... c5 6. Qa4+ Nbd7 7. d4 cxd4 8. Nxd4 Bd5 9. Bd2 g6 10. Ne5 Bg7 11. Nxd7 Nxd7 12. Qb5 {½-½ (46) Malakhov,V (2690)-Sokolov,I (2673) Sibenik 2007}) 6. Be2 {A09: Réti Opening: 1 Nf3 d5 2 c4} e6 7. O-O Be7 8. b3 O-O 9. Bb2 c5 {LiveBook: 3 Games} 10. d3 b6 $146 ({Predecessor:} 10... b5 11. Ncd2 Bb7 12. Qc2 {½-½ (26) Arsovic,Z (2451)-Mihalj,M (2323) Zlatibor 2007}) 11. Qc2 Nbd7 12. a3 Rc8 13. Bc3 (13. e4 $5 {[%cal Re4d5]} Bb7 14. Qd2 $11) 13... Qc7 14. Qb2 b5 15. Nce5 Nb6 16. Rfc1 Rfd8 17. a4 bxa4 18. bxa4 Rb8 19. Qc2 Nbd7 20. Nc4 Bxc4 21. dxc4 Bd6 22. g3 Ne5 {The position is equal.} 23. Nd2 Nc6 24. Ne4 Be7 25. Nxf6+ Bxf6 26. Bxf6 gxf6 {Precision: White = 53%, Black = 52%.} 1/2-1/2

[Event "MTS Logistics 2017"]
[Site "Urla"]
[Date "2017.07.11"]
[Round "8.2"]
[White "Arat, Ufuk Sezen"]
[Black "Gokerkan, Cem Kaan"]
[Result "1-0"]
[WhiteElo "2400"]
[BlackElo "2321"]
[Annotator "ChessBase"]
[PlyCount "95"]
[EventDate "2017.??.??"]
[EventType "schev"]
[EventCountry "TUR"]
[SourceTitle "playchess.com"]
[Source "ChessBase"]
[SourceQuality "1"]
[TimeControl "5400+30"]

1. Nf3 {[%emt 0:01:30]} Nf6 {[%emt 0:01:00]} 2. g3 {[%emt 0:07:30]} g6 {[%emt 0:00:30]} 3. d4 {[%emt 0:01:30]} Bg7 {[%emt 0:00:30]} 4. c4 {[%emt 0:00:00]} c6 {[%emt 0:00:00]} 5. Bg2 {[%emt 0:01:00]} O-O {[%emt 0:00:00]} 6. O-O {[%emt 0:00:30]} d5 {[%emt 0:00:30]} 7. b3 {[%emt 0:00:00]} dxc4 {[%emt 0:00:00]} 8. bxc4 {[%emt 0:00:00]} c5 {[%emt 0:00:00]} 9. Bb2 {[%emt 0:00:00]} cxd4 {[%emt 0:00:30]} 10. Nxd4 {[%emt 0:01:00]} Qb6 {[%emt 0:00:00]} 11. Nb3 {[%emt 0:06:30]} Rd8 {[%emt 0:10:00]} 12. Qc1 {[%emt 0:00:30]} Nc6 {[%emt 0:02:30]} 13. Nc3 {[%emt 0:10:30]} Na5 {[%emt 0:11:30]} 14. Nxa5 {[%emt 0:09:30]} Qxa5 {[%emt 0:00:30]} 15. Nd5 {[%emt 0:00:00]} Nxd5 {[%emt 0:02:30]} 16. cxd5 {[%emt 0:00:00]} Bxb2 {[%emt 0:07:30]} 17. Qxb2 {[%emt 0:00:30]} e6 {[%emt 0:13:30]} 18. e4 {[%emt 0:01:30]} exd5 {[%emt 0:00:30]} 19. exd5 {[%emt 0:00:30]} Qb6 {[%emt 0:00:30]} 20. Rab1 {[%emt 0:29:30]} Qxb2 {[%emt 0:01:30]} 21. Rxb2 {[%emt 0:00:30]} b6 {[%emt 0:03:30]} 22. d6 {[%emt 0:00:30]} Rb8 {[%emt 0:02:30]} 23. Rd2 {[%emt 0:00:00]} Be6 {[%emt 0:00:30]} 24. Rc1 {[%emt 0:05:00]} b5 {[%emt 0:07:30]} 25. Rc6 {[%emt 0:06:28]} b4 {[%emt 0:05:30]} 26. Ra6 {[%emt 0:04:27]} Rb6 {[%emt 0:07:30]} 27. Rxb6 {[%emt 0:00:34]} axb6 {[%emt 0:00:00]} 28. f4 {[%emt 0:05:03]} Kg7 {[%emt 0:00:00]} 29. Kf2 {[%emt 0:00:09]} Kf6 {[%emt 0:00:30]} 30. Ke3 {[%emt 0:02:21]} Bf5 {[%emt 0:00:30]} 31. Bc6 {[%emt 0:01:16]} Ke6 {[%emt 0:01:30]} 32. Bd5+ {[%emt 0:00:31]} Kf6 {[%emt 0:00:30]} 33. Bb3 {[%emt 0:02:18]} Be6 {[%emt 0:01:30]} 34. Rd4 {[%emt 0:01:33]} Bxb3 {[%emt 0:01:30]} 35. axb3 {[%emt 0:00:01]} Ke6 {[%emt 0:00:00]} 36. d7 {[%emt 0:00:37]} Rxd7 {[%emt 0:01:00]} 37. Rxd7 {[%emt 0:00:42]} Kxd7 {[%emt 0:00:30]} 38. Kd4 {[%emt 0:00:33]} Kc6 {[%emt 0:00:30]} 39. Ke5 {[%emt 0:01:25]} Kc5 {[%emt 0:13:34]} 40. g4 {[%emt 0:00:18]} Kc6 {[%emt 0:03:47]} 41. g5 {[%emt 0:00:46]} Kc5 {[%emt 0:03:15]} 42. h3 {[%emt 0:00:13]} Kc6 {[%emt 0:00:23]} 43. Kf6 {[%emt 0:02:14]} Kd5 {[%emt 0:00:53]} 44. Kxf7 {[%emt 0:00:04]} Kd4 {[%emt 0:00:29]} 45. Kg7 {[%emt 0:00:08]} Kc3 {[%emt 0:00:01]} 46. Kxh7 {[%emt 0:00:06]} Kxb3 {[%emt 0:00:01]} 47. f5 {[%emt 0:00:07]} Ka3 {[%emt 0:01:26]} 48. f6 {[%emt 0:00:26]} 1-0

[Event "MTS Logistics 2017"]
[Site "Urla"]
[Date "2017.07.11"]
[Round "8.4"]
[White "Agdelen, Huseyin Can"]
[Black "Esen, Baris"]
[Result "0-1"]
[WhiteElo "2309"]
[BlackElo "2528"]
[Annotator "TA"]
[PlyCount "73"]
[EventDate "2017.??.??"]
[EventType "schev"]
[EventCountry "TUR"]
[SourceTitle "playchess.com"]
[Source "ChessBase"]
[SourceQuality "1"]

{[%evp 15,73,17,20,0,0,0,0,0,0,0,0,-17,0,-95,-52,-52,-57,-90,-29,-101,-99,-172,-132,-127,-75,-110,-98,-172,-157,-159,-145,-180,-183,-192,-164,-422,-408,-415,-416,-422,-409,-415,-415,-396,-406,-489,-491,-508,-497,-614,-609,-769,-721,-1405,-1310,-6536,-5718,-2519,-2025,-12835]} 1. e4 c5 2. Nf3 d6 3. d4 cxd4 4. Nxd4 Nf6 5. Nc3 a6 6. h3 e6 7. g4 b5 8. Bg2 Bb7 9. g5 {B81: Sicilian Scheveningen: Keres Attack} (9. O-O Nfd7 10. Re1 Be7 11. e5 d5 12. a4 b4 13. Nxd5 Bxd5 14. Bxd5 exd5 15. e6 O-O 16. exd7 Qxd7 {1-0 (44) Anand,V (2803)-Volokitin,A (2639) Berlin 2015}) 9... b4 10. gxf6 {Threatens to win with Nce2.} bxc3 11. fxg7 $1 {The position is equal.} Bxg7 12. bxc3 Qc7 13. Qd3 $146 ({Predecessor:} 13. O-O Rg8 14. Rb1 Be5 15. Qe2 Nd7 16. f4 Bf6 {1-0 (60) Karttunen,M (2458)-Markov,M (2433) Baku 2016}) 13... Nd7 14. Ne2 (14. O-O $1 $11 {keeps the balance.}) 14... Nc5 15. Qe3 {[#]} f5 $1 {[%mdl 512]} 16. O-O (16. exf5 Bxg2) 16... Bxe4 (16... Rg8 $17 {Strongly threatening ...Be5.} 17. Kh1 Be5) 17. f3 (17. Bxe4 $11 Nxe4 18. f3) 17... Bb7 $36 {[%mdl 2048] Black is really pushing.} ({Much weaker is} 17... Bxc2 $6 18. Nd4 $11) 18. Nd4 (18. Ba3 $17) 18... Kf7 19. Ba3 Rhe8 (19... Be5 $142 {aiming for ...Rag8.} 20. Bxc5 Qxc5) 20. Rfe1 Rac8 21. Qg5 {[#]} (21. Rad1 $17) 21... Kg8 $1 $19 22. Kh1 {[#]} Qf7 $1 23. Rab1 Bd5 24. Rb6 Qc7 25. Bxc5 $2 (25. Rb4) 25... dxc5 (25... Qxc5 $2 26. Rxa6 Qxc3 27. Rd1 $19) 26. Nxe6 Qf7 27. Qe3 f4 28. Qe2 Rc6 29. Rxc6 Bxc6 30. h4 Qf6 {Black is clearly winning.} ({But not} 30... Bxc3 31. Bh3 $19) 31. Kg1 Bd5 32. Bh3 Qxh4 33. Bg4 Bxc3 34. Rd1 {[#]} Bd4+ $1 {[%mdl 512]} 35. Nxd4 Rxe2 36. Nxe2 h5 37. Rxd5 {Precision: White = 26%, Black = 84%.} 0-1

[Event "MTS Logistics 2017"]
[Site "Urla"]
[Date "2017.07.11"]
[Round "8.5"]
[White "Tuncer, Tuna"]
[Black "Nevednichy, Vladislav"]
[Result "1/2-1/2"]
[WhiteElo "2274"]
[BlackElo "2524"]
[Annotator "TA"]
[PlyCount "85"]
[EventDate "2017.??.??"]
[EventType "schev"]
[EventCountry "TUR"]
[SourceTitle "playchess.com"]
[Source "ChessBase"]
[SourceQuality "1"]

{[%evp 12,85,28,23,41,35,47,25,84,74,93,15,30,23,35,3,16,0,0,4,28,16,15,0,31,0,0,7,0,-8,2,-10,0,-50,-51,-67,-31,-49,-36,-41,0,0,0,0,0,0,0,0,0,0,0,0,0,0,0,0,0,4,8,8,6,0,10,4,162,162,109,123,151,69,131,0,97,0,90,0]} 1. d4 Nf6 2. Bf4 g6 3. Nc3 d5 4. e3 Bg7 5. h4 O-O (5... c6 6. Nf3 Bg4 7. Be2 Nbd7 8. Ne5 Bxe2 9. Qxe2 h5 10. O-O-O Qa5 11. Kb1 {1-0 (44) Karjakin,S (2781)-Giri,A (2771) Stavanger 2017}) 6. h5 {A45: Trompowsky Attack} c5 7. hxg6 {LiveBook: 3 Games} fxg6 8. dxc5 {White is slightly better.} Qa5 9. Nf3 $146 ({Predecessor:} 9. Qd2 Qxc5 10. O-O-O Nc6 11. Nf3 {0-1 (26) Mathur,R (2073)-Thavandiran,S (2363) Chicago 2017}) 9... Nbd7 (9... Nc6 $11) 10. Qd4 $16 Qxc5 11. Qxc5 (11. Bg3 $16) 11... Nxc5 $11 12. Rd1 b6 13. Ne5 Bb7 14. Be2 a6 15. Bh6 b5 16. Bxg7 Kxg7 17. a3 Rfd8 {[%cal Bf8d8,Bd8d7,Bd7e7][%mdl 32]} 18. O-O (18. Rh4 {looks sharper.} Rac8 19. Rb4 Rc7 20. g4 h6 21. f3) 18... Ncd7 19. Nxd7 Rxd7 20. f4 Re8 21. Bf3 e5 22. fxe5 Rxe5 23. Rd3 Rde7 24. Kf2 h5 25. Rfd1 h4 26. Rd4 g5 27. Bxd5 Rf5+ 28. Kg1 $1 Nxd5 (28... Rxd5 $5 29. Nxd5 Nxd5 $16) 29. Nxd5 Bxd5 30. Rxd5 Rxd5 31. Rxd5 {[%mdl 4096] Endgame KR-KR} Kg6 32. Rd6+ Kh5 33. Rxa6 Rxe3 34. Ra5 Re2 35. Rxb5 Rxc2 36. a4 {[%cal Ba3a4,Ba4a5][%mdl 32] Strongly threatening a5.} Rc1+ 37. Kf2 {Black should prevent a5.} Rc2+ $2 {[#]} (37... Kg6 $1 $11 {and Black is okay.}) 38. Kf3 $18 Rc4 (38... Kg6 $18 39. Rb4 Kf5) 39. a5 $16 {aiming for b4.} Rf4+ 40. Ke2 ({White should try} 40. Ke3 $16) 40... Ra4 $1 $14 41. Kf3 Rf4+ $1 42. Ke2 {[#] Hoping for b4.} Ra4 $1 43. Kf3 {Precision: White = 46%, Black = 42%.} ({Better is} 43. Ke3 $16) 1/2-1/2